Xoá đói giảm nghèo bằng phương thức chăn nuôi kết hợp vịt - cá - lúa
Tài liệu giới thiệu mô hình nuôi kết hợp Vịt - Cá - Lúa nhằm giúp cho bà con nông dân tăng gia sản xuất.
محفوظ في:
| المؤلف الرئيسي: | |
|---|---|
| التنسيق: | كتاب |
| اللغة: | Undetermined |
| منشور في: |
Hà Nội
Nông nghiệp
2005
|
| الموضوعات: | |
| الوسوم: |
إضافة وسم
لا توجد وسوم, كن أول من يضع وسما على هذه التسجيلة!
|
| Thư viện lưu trữ: | Trung tâm Học liệu Trường Đại học Cần Thơ |
|---|
| LEADER | 00812nam a2200205Ia 4500 | ||
|---|---|---|---|
| 001 | CTU_100660 | ||
| 008 | 210402s9999 xx 000 0 und d | ||
| 020 | |c 9000 | ||
| 082 | |a 338.1 | ||
| 082 | |b Th305 | ||
| 100 | |a Nguyễn, Thiện | ||
| 245 | 0 | |a Xoá đói giảm nghèo bằng phương thức chăn nuôi kết hợp vịt - cá - lúa | |
| 245 | 0 | |c Nguyễn Thiện, Lê Xuân Đồng, Nguyễn Công Quốc | |
| 260 | |a Hà Nội | ||
| 260 | |b Nông nghiệp | ||
| 260 | |c 2005 | ||
| 520 | |a Tài liệu giới thiệu mô hình nuôi kết hợp Vịt - Cá - Lúa nhằm giúp cho bà con nông dân tăng gia sản xuất. | ||
| 650 | |a Agriculture | ||
| 904 | |i Hiếu | ||
| 980 | |a Trung tâm Học liệu Trường Đại học Cần Thơ | ||